000 00983nam a2200229Ia 4500
001 15852
003 GE_BSU
008 181216s||||||||xx |||||||||||||| ||und||
040 _cGE_BSU
080 _a821.353.1-31 + 821.353.1-32
100 _aჭეიშვილი, რეზო
245 _aდალი ; ქალაქში დინოზავრები დადიან.ცისფერი მთები
245 _bრომანები. მოთხრობა
245 _cრედ.თ.დაუშვილი. მხ. თ.სამსონაძე.
260 _aთბილისი
260 _bსაბჭოთა საქართველო
260 _c1980
300 _a624 გვ. : ილ. ; 21 სმ
653 _aდალი ; ქალაქში დინოზავრები დადიან.ცისფერი მთები
653 _aრომანები. მოთხრობა
942 _cBK
999 _c48949
_d48949